000 00777cab a2200253 4500
001 ABS52322
008 090401t1995 xxu||||| |||| 00| 0 eng d
035 _a(Sirsi) u73062
041 _aeng
100 _aRowe, M.
245 _aLyon: waiting in the wings
260 _c1995
350 _a0
490 _aEuroProperty
_vFebruary 1995, 30-35(6)
520 _aUpdate on the commercial property market in Lyon, France`s second largest city including 1994 office rental deals.
650 _aFRANCE
650 _aLYON
650 _aPROPERTY-COMMERCIAL PROPERTY-OFFICE PROPERTY-OFFICE PROPERTY MARKET
650 _aRHONE-ALPES
690 _aPROPERTY-COMMERCIAL PROPERTY-COMMERCIAL PROPERTY MARKET
690 _aOVERSEAS-EUROPE
942 _n0
948 _c04/03/1997
999 _c46201
_d46201